000 00433nam a2200169 a 4500
001 0000-8813
003 ELIB.Books
008 110520 1976
035 _a(ELIB.Books)0000-8959
082 _a248.4
_bKem
100 _aKemp, Charles E.
245 _aThinking and Acting Biblically
260 _bNashville: Abingdon Press
_c1976
650 _aChristian Life
942 _2ddc
_cBK
998 _cbat
_e2011-05-20
999 _c8813
_d8813